Statistics for Biggest Cities in Monarchies

Click here to take the quiz!

General Stats

  • This quiz has been taken 109 times
  • The average score is 21 of 31

Answer Stats

PopRegionCity% Correct
8,754,710EuropeLondon
99%
9,272,740Far EastTokyo
95%
5,686,646Southeast AsiaBangkok
93%
3,165,541EuropeMadrid
93%
2,401,067Middle EastDubai
91%
5,188,286Middle EastRiyadh
91%
1,608,746EuropeBarcelona
88%
2,691,185Far EastOsaka
87%
1,126,927EuropeBirmingham
84%
1,202,756Middle EastAbu Dhabi
81%
1,812,059Middle EastAmman
80%
1,534,731Middle EastMecca
80%
1,295,686EuropeCopenhagen
76%
1,952,356Far EastSapporo
75%
1,187,890EuropeBrussels
72%
3,430,697Middle EastJeddah
72%
1,305,792Southeast AsiaKuala Lumpur
72%
2,295,638Far EastNagoya
71%
1,475,183Far EastKyoto
69%
1,100,093Middle EastMedina
67%
3,359,818AfricaCasablanca
66%
1,194,034Far EastHiroshima
61%
3,724,844Far EastYokohama
60%
1,537,272Far EastKobe
54%
1,242,992Southeast AsiaPhnom Penh
53%
1,112,072AfricaFes
51%
1,538,681Far EastFukuoka
48%
1,082,159Far EastSendai
36%
1,274,749Middle EastSharjah
25%
1,475,213Far EastKawasaki
16%
1,263,979Far EastSaitama
15%

Score Distribution

Percentile by Number Answered

Percent of People with Each Score

Your Score History

You have not taken this quiz